000 00283 a2200121 4500
000 nam a22 7a 4500
005 20260207131200.0
020 _a9789394384156
100 _aGeetanjali
_91114348
245 _aVedic Politics
260 _bSaddle Publishers
_c2022
942 _cTEXL
999 _c1678892
_d1678892